|
|
|
|
| LEADER |
00000ny a22000003n 4500 |
| 005 |
20110524113825.0 |
| 008 |
060307s2005 sp s 000 0 spa c |
| 017 |
|
|
|a D.L. B.53177-2005
|
| 020 |
|
|
|a 8476987196
|
| 035 |
|
|
|a 1226
|
| 040 |
|
|
|a BUC
|d vLex
|
| 040 |
|
|
|a UMA.RE
|d vLex
|
| 080 |
|
|
|a 331.109.32(460):349.22(460)
|
| 080 |
|
|
|a 349.22(460):331.109.32(460)
|
| 090 |
|
|
|c 201
|d 201
|
| 245 |
0 |
3 |
|a La huelga hoy en el derecho social comparado
|h [Recurso electrn̤ico]
|c Antonio Marzal ... [et al.]
|
| 256 |
|
|
|a Servicio en ln̕ea
|
| 260 |
|
|
|a Barcelona :
|b Esade, Facultad de Derecho :
|b Bosch,
|c 2005
|
| 300 |
|
|
|a 298 p. ;
|c 24 cm
|
| 506 |
1 |
|
|a Contenido solo disponible en los productos indicados
|d vLex Global
|d vLex Global (Academic Edition, excluding Law Schools)
|d vLex Global (U.S. Academic Edition, Law Schools)
|d vLex Global (U.S. Academic Edition, excluding Law Schools)
|d vLex Global (Academic Edition, Law Schools)
|
| 650 |
0 |
7 |
|a Huelga
|2 Tesauro vLex
|
| 650 |
0 |
7 |
|a Laboral
|2 Tesauro vLex
|
| 650 |
0 |
7 |
|a Derecho de huelga
|2 Tesauro vLex
|
| 700 |
1 |
|
|a Marzal, Antonio,
|e coaut
|
| 740 |
0 |
|
|a vLex Libros (Servicios en ln̕ea)
|
| 856 |
4 |
0 |
|u http://vlex.com/source/1226
|z Acceso restringido
|
| 942 |
|
|
|c BOOK
|
| 999 |
0 |
|
|a Right to strike
|b Barcelona
|